Mitópolis

Guardat en:
Dades bibliogràfiques
Autor principal: Edwards Bello, Joaquín (Autor)
Format: Llibre
Idioma:espanyol
Publicat: Santiago Nascimento 1973
Col·lecció:Biblioteca Popular Nascimento
Matèries:
Etiquetes: Afegir etiqueta
Sense etiquetes, Sigues el primer a etiquetar aquest registre!

MARC

LEADER 00000nam a2200000 a 4500
001 UCQ6416
003 CL-VaPUC
008 981016e19730000CL |||||||||||||||||spa|d
082 0 4 |a Ch864  |b EDW  |2 21 
100 0 |a Edwards Bello, Joaquín  |e author  |9 344236 
245 1 0 |a Mitópolis 
300 |a 280 p 
942 |c BK 
945 |d 19981016 00:00:00  |a crobeson 
260 |a Santiago  |b Nascimento  |c 1973 
650 0 |a Ensayos chilenos   |9 269132 
650 0 |a Literatura chilena   |9 308278 
583 |a last modification  |c 19981016 00:00:00  |k Rodrigo Vera 
490 0 |a Biblioteca Popular Nascimento 
999 |c 276375  |d 276373 
952 |0 0  |1 0  |4 0  |6 CH_864_000000000000000_EDW_1973  |7 0  |8 A  |9 313576  |a BIBEDU  |b BIBEDU  |d 2019-11-20  |i 148138K  |o Ch864 EDW 1973  |p 148138K  |r 2019-11-20  |w 2019-11-20  |y BK  |k LIT 
952 |0 0  |1 0  |4 0  |6 CH_864_000000000000000_EDW_1973  |7 0  |8 A  |9 313577  |a BIBEDU  |b BIBEDU  |d 2019-11-20  |i 1480006  |o Ch864 EDW 1973  |p 1480006  |r 2019-11-20  |w 2019-11-20  |y BK  |k LIT